000 00498 a2200217 4500
001 000269
003 OSt
005 20251210150335.0
008
020 _a0470015128
040 _cCURAJ
082 _a330.015195
_bM26I
100 1 _aMadelala. G.S.
245 1 _aIntroduction to econometrics
_cBy G.s. Madelala
250 _a3rd ed.
260 _aIndia
_bWiley
_c2010
300 _a636p.
500 _aEnglish
690 _aEconometrics
942 _2ddc
_cBK
999 _c5
_d5